00981nac a22002291u 4500010001700000020001500017020002200032082001900054090001500073100003400088245009700122260005500219300003400274440003800308504006400346651003600410651005600446856008800502942002200590999001500612952012400627 a 2004052643 a0521592402 a0521597412 (pbk.)00a320.956bH1554 c2269d2269 aHalliday, Fred. 14aThe Middle East in international relations :bpower, politics and ideology /cFred Halliday. aCambridge, UK ;aNew York :bCambridge,2005c2005. axii, 374 p. :bmaps ;c24 cm. 4aThe contemporary Middle East ;v4 aIncludes bibliographical references (p. 356-366) and index. 0aMiddle EastxForeign relations. 0aMiddle EastxPolitics and governmenty20th century.423Publisher descriptionuhttp://www.loc.gov/catdir/description/cam041/2004052643.html cBBk320.956 H1554 c2269d2269 00104070aMAINbMAINc1STd2015-02-07ePurchasel25m131o320.956 HALp000002084r2025-07-15 00:00:00s2021-10-13yBB